000 00402pab a2200145 454500
008 180718b1999 xxu||||| |||| 00| 0 eng d
100 _aSrivastava, O.N.
245 _aParticipatory planning and management of watershed projects - some considerations
260 _c1999
300 _ap.381-93
362 _aJul-Sep
650 _aWatersheds
773 _aJournal of Rural Development
909 _a44148
999 _c44148
_d44148